| 000 | 00455nam a22001697a 4500 | ||
|---|---|---|---|
| 999 |
_c523887 _d523887 |
||
| 003 | NUST | ||
| 038 | _awaseem | ||
| 082 |
_a891.432 _bSID |
||
| 100 |
_aSidhu, Charan Das _914708 |
||
| 245 |
_aBaghat Singh Shaeed / _cCharan Das Sidhu |
||
| 260 |
_aNew Delhi : _bKitabi Duniya, _c2005. |
||
| 300 | _a195 p. ; | ||
| 500 | _aHardcover. | ||
| 880 |
_6100-02\r _aجرن داس سدھو |
||
| 880 |
_6245-02\r _aبھگت سنگھ شہید / |
||
| 942 |
_2ddc _cBK |
||